000 00891nam a2200265 i 4500
001 15980
003 ES-MaACL
005 20230906151221.0
007 t|
008 000530s1999 sp |||| | spa d
020 _a84-7846-870-6
080 _a1(082.2)
245 0 0 _aHermenéutica y acción
_b: crisis de la modernidad y nuevos caminos de la metafísica /
_cGianni Vattimo ... [et al.] ; edición de Lluís Álvarez ; proemio de Modesto Berciano.
260 _a[Valladolid] :
_bJunta de Castilla y León,
_c1999.
300 _a339 p. ;
_c22 cm.
490 1 _aEnsayo/las ideas
650 4 _aHermenéutica.
_913329
700 1 _aVattimo, Gianni.
_9113303
700 1 _aAlvarez, Lluís.
_920658
700 1 _aBerciano, Modesto.
_927849
710 1 _aCastilla y León.
_bJunta.
_92501
830 0 _aEnsayo/las ideas
_9179851
852 _aES-MaACL
_jL-23153
999 _c15980
_d15980